| 000 | 00658nam a2200241 a 4500 | ||
|---|---|---|---|
| 005 | 20210219152857.0 | ||
| 008 | 991125n 000 0 u | ||
| 035 | _aUPN01000064790 | ||
| 100 | _aBlake, Sally | ||
| 222 | _aSCIENCE AND CHILDREN | ||
| 245 | _aAre you turning female and minority students away from science? | ||
| 300 | _a32-35 | ||
| 362 | _a30, No. 7, 1993 | ||
| 505 | _aSeptiembre 1993 | ||
| 653 | 0 | _aDIFERENCIAS SEXUALES | |
| 653 | 0 | _aEDUCACION EQUITATIVA | |
| 653 | 0 | _aGRUPOS MINORITARIOS | |
| 653 | 0 | _aINSTRUCCION CIENTIFICA | |
| 653 | 0 | _aMUJERES | |
| 653 | 0 | _aPREJUICIO RACIAL | |
| 904 |
_aAC _b002601 |
||
| 905 | _aArticulo | ||
| 999 |
_c62734 _d62734 |
||